000 00595nam a2200217Ia 4500
005 20250508163837.0
008 008 250505s9999 xx 000 0 eng d
020 _a81-7251-015-2
037 _aTextBook
040 _aFEDL
_beng
_cFEDL
041 _aeng
_2eng
084 _a371.39, YAD
_qFEDL
100 _aYadav R S
_9440842
245 0 _aAdvanced educational technology
260 _aAllahabad, India
_bHorizon Publishers
_c1997
300 _axi,398p
365 _aINR
_b620
650 _aEducational Technology
942 _cTB
_h371.39, YAD
999 _c1385563
_d1385563